000 00904cab a2200277 4500
001 ABS41403
008 090401t1989 xxu||||| |||| 00| 0 eng d
035 _a(Sirsi) u29931
041 _aeng
100 _aMorris, R.
245 _aWhose path is it anyway?
260 _c1989
350 _a0
490 _aEstates Times
_v(1012) 15 September 1989, 23(1)
520 _aBriefly explains the law with regard to public right of access to roads, bridleways and footpaths, highlighting relevant statutes and case law.
650 _aEASEMENTS
650 _aGREEN LANES
650 _aHIGHWAYS ACT 1980
650 _aNATIONAL PARKS AND ACCESS TO COUNTRYSIDE ACT 1949 S47
650 _aNATIONAL TRUST AND ANOTHER V WHITE AND ANOTHER
650 _aTRESPASS
650 _aWILDLIFE AND COUNTRYSIDE ACT 1981
690 _aHIGHWAYS RIGHTS OF WAY AND EASEMENTS
942 _n0
948 _c04/03/1997
999 _c20136
_d20136